000 00488nab a2200157Ia 4500
003 ES-SlBCS
005 20210601125256.0
008 140529s1992 xxu||||| |||| 00| 0 eng d
041 _aeng
100 1 _aStampe, Dennis W.
_9156233
245 0 0 _aOf One's Own Free Will
_c Dennis W. Stampe, Martha I. Gibson
650 0 4 _aLibertad
_986297
700 1 _aGibson, Martha I.
_9156234
773 0 _tPhilosophy and Phenomenological Research
_gvol. 52, 1992, págs. 529-556
_wRev1411
942 _cAR
999 _c527674
_d527674